000 00825nam a2200229 u 4500
001 000025231
005 20200930023639.0
008 110211s1988 ag a r 001 0 spa d
020 _a9503703158
040 _aDO-SdBNP
_bspa
_cBNPHU
041 1 7 _aspa
_heng
_2Código de idiomas MARC
082 _ann*
_bnn*
100 1 _aBrzezinski, Zbigniew.
_951714
240 1 0 _aGame plan.
_lEspañol
245 1 3 _aEl juego estratégico :
_bla conducción de la contienda entre los Estados Unidos y la Unión Soviética /
_cZbigniew Brzezinski ; traducción de Alejandro Tiscornia.
260 _aBuenos Aires :
_bPlaneta,
_c1988.
300 _a280, [22] p. :
_bil. ;
_c21 cm.
534 _aTítulo original en inglés :
_tGame plan
500 _aIncluye índice tematico.
700 1 _aTiscornia, Alejandro,
_etr.
_951715
049 _aBNGR
999 _c24724
_d24724